000 00305nam a22001337a 4500
008 170208b xxu||||| |||| 00| 0 eng d
020 _a2900323022155
041 _aeng
080 _27TH
_a61
100 _a4
101 _aSHM
245 _aMOSBY'S RESPIRATORY CARE EQUIPMENT
_cCAIRO, J.M
942 _2udc
_cBK
999 _c4958
_d4958